Las Reformas económicas de la segunda generación en América Latina. Desafío para la política económica /
El autor parte del modelo de la Economía Social de Mercado aplicado en Alemaniza a partir de 1949, al que considera de gran actualidad y como marco de referencia para América Latina. En primer lugar destaca la importancia de su aplicabilidad para consolidar las reformas de primera generacción y orie...
Sábháilte in:
| Príomhchruthaitheoir: | |
|---|---|
| Formáid: | Téacs |
| Ábhair: | |
| Clibeanna: |
Cuir clib leis
Níl clibeanna ann, Bí ar an gcéad duine le clib a chur leis an taifead seo!
|
MARC
| LEADER | 00000 a a2200000 04500 | ||
|---|---|---|---|
| 001 | 3828 | ||
| 003 | |||
| 040 | |||
| 100 | |a Benecke, Dieter W. | ||
| 245 | |a Las Reformas económicas de la segunda generación en América Latina. Desafío para la política económica / |c Dieter W. Benecke | ||
| 500 | |a Contiene resumen | ||
| 520 | |a El autor parte del modelo de la Economía Social de Mercado aplicado en Alemaniza a partir de 1949, al que considera de gran actualidad y como marco de referencia para América Latina. En primer lugar destaca la importancia de su aplicabilidad para consolidar las reformas de primera generacción y orientar aquellas de la segunda generación, analizando sus resultados. En segundo lugar, enumera y describe los factores que permitieron el éxito del modelo alemán: propiedad privada y responsabilidad social, libre competencia y control sobre el grado de concentración, responsabilidad individual, solidaridad y subsidiariedad |a libertad de contratación y seguridad jurídica |a confiabilidad del marco de referencia, establecido por el Estado y del comportamiento del gobierno |a y libre flujo de las comunicaciones e independencia de los medios. Analiza asimismo los elementos constitutivos del orden económico: sistema competitivo, régimen monetario y financciero, régimen del comercio exterior, y sistema de seguro social. Y finalmente plantea los desafíos necesarios para diseñas un orden económico en América latina del Siglo XXI | ||
| 650 | |a REFORMA ECONOMICA | ||
| 650 | |a POLITICA ECONOMICA | ||
| 650 | |a DESIGUALDAD ECONOMICA | ||
| 650 | |a ECONOMIA DEL BIENESTAR | ||
| 650 | |a DESCENTRALIZACION | ||
| 650 | |a POLITICA FISCAL | ||
| 650 | |a ALIVIO DE LA POBREZA | ||
| 650 | |a CULTURA | ||
| 650 | |a MODELO ECONOMICO | ||
| 650 | |a REFORMA ADMINISTRATIVA | ||
| 773 | |g volumen 17, número 4 (68); páginas 21-45 | ||
| 999 | |c 27711 |d 27711 | ||
